000 00511naa a2200145Ia 4500
003 ES-SlBCS
005 20210601151651.0
008 140520s1955 xxu||||| |||| 00| 0 spa d
041 _aspa
100 1 _aGibert, Rafael
_926873
245 0 0 _aSeñorío y concejo de la Iglesia de Santiago
_cRafael Gibert
651 4 _aSantiago de Compostela
_986283
773 0 _tSantiago en la historia, la literatura y el arte : Tomo II / Ramón Prieto Bances
_dMadrid : Nacional, 1955
_g, págs. 129-147
_wVA22895
942 _cAC
999 _c761874
_d761874